000 00811nam a2200253 a 4500
001 000023415
003 DO-SdBNP
005 20250626105616.0
008 101206s1977 ru a r 001 0 spa d
040 _aDO-SdBNP
_bspa
_cBNPHU
049 _aBNGR
082 _a512.007
_bK96c, 1977
100 1 _aKurosch, A. G.
_948249
245 1 0 _aCurso de álgebra superior /
_cA. G. Kurosch ; traducción Emiliano Aparicio Bernardo.
250 _a3a ed.
260 _aMoscú :
_bMir,
_c1977.
300 _a442 p. :
_bil. ;
_c21 cm.
500 _aIncluye índice alfabético.
500 _aIncluye notas al pie de las páginas.
534 _aКУРС ВЬΙСΙΙΙЕЙ АЈІГЕБРЫ.
650 0 _aÁlgebra
_xEnseñanza superior
_925976
700 1 _aAparicio Bernardo, Emiliano
_etr.
_948251
942 _2ddc
_cLBS1
999 _c22912
_d22912